00456nam a2200157 a 4500008004100000020001500041050001900056100001600075245003300091246006000124260004500184300001700229350000900246650001400255650002900269120416s1967 ||||||||||||||||| || u a0340078278 aHB 3666.R4 Kay aKay, George12aA Social geography of Zambia aa survey of population patterns in a developing country aLondonbUniversity of London Pressc1967 a160p. : ill. a0.00 aGEOGRAPHY aSOCIAL GEOGRAPHY--ZAMBIA